000 00537nam a22002057a 4500
003 OSt
005 20140310181936.0
008 130724t xxu||||| |||| 00| 0 eng d
020 _a9781853262463
050 _aPR 4742
_b.H268 1995
082 _aCLA H22t
_b1995
100 _aHardy, Thomas
245 _aThe trumpet- major /
_cThomas Hardy.
260 _aHertfordshire :
_bWordsworth Classics,
_cc1995.
300 _a257 p.;
_c20 cm.
541 _j1
562 _e1
650 _aFiction
_9746
942 _2lcc
_cBBK
_kCLA
999 _c7553
_d7553